00707nam a2200253 a 4500001001300000003000900013005001700022008004100039020000800080082002200088100001600110245004700126260004200173300000900215500003500224505001000259650002700269650001300296700001600309902000800325942000700333952010000340999001300440nice12345678IN_TiNIC20260116011351.0050524s1940 boma grp 000 0 eng  ac500a323.39710954bSAI aSaiyid, M H aIndia`s Problem of Her Future Constitution aBombaybM H Saiydi Publicationsc1940 a152p aincludes index and biblioraphy2 aIndex aMuslims-India-Politics aPakistan1 aSaiyid, M H bSRS cBK 00104070aHMIbHMId2007-04-10g5.00l0o323.39710954 SAIp03183r2007-04-10w2026-01-16yEB c906d906